000 00656nam a2200205Ia 4500
003 GCL
008 140319s9999 xx 000 0 ara d
040 _aGCL /
_cGCL
082 0 4 _a923.247
_bك ه
100 1 _aزكى مراد
245 1 0 _aهؤلاء عرفوا لينين (هدية من الاديب عبدالفتاح الجمل) /
_cزكى مراد
700 1 _aكاشان، مارسيل
700 1 _aفؤاد عبدالحليم
300 _a244 ص
490 _aالهيئة العامة للاستعلامات
_v0
650 0 4 _aالاشتراكية
650 0 4 _aلينين
650 0 4 _aالسياسيون - تراجم
942 _2ddc
_cBK
999 _c47356
_d47356